[Event "Riedstra mem"]
[Site "Kitchener CAN"]
[Date "2012.03.10"]
[Round "2"]
[White "Sambuev, Bator"]
[Black "Birarov, Vladimir"]
[Result "1-0"]
[WhiteElo "2694"]
[BlackElo "2263"]
[PlyCount "73"]
[GameId "2160767909575993"]
[EventDate "2012.03.09"]
[EventType "swiss"]
[EventRounds "5"]
[EventCountry "CAN"]
[SourceTitle "EXT 2022"]
[Source "ChessBase"]
[SourceDate "2021.10.06"]
[SourceVersion "1"]
[SourceVersionDate "2021.10.06"]
[SourceQuality "1"]

1. d4 Nf6 2. Nf3 e6 3. e3 b6 4. Bd3 Bb7 5. O-O Be7 6. b3 O-O 7. Bb2 d6 8. c4 c5 9. Nc3 Nbd7 10. d5 exd5 11. cxd5 Re8 12. e4 Bf8 13. Qd2 a6 14. Rae1 b5 15. Ba1 Qa5 16. Qg5 c4 17. bxc4 Nc5 18. Bb1 b4 19. Nd1 b3 20. e5 bxa2 21. Bc2 dxe5 22. Nxe5 h6 23. Qc1 Bd6 24. Nf3 Ncd7 25. Re3 Qc7 26. Rfe1 Bf4 27. Rxe8+ Rxe8 28. Ne3 Rc8 29. Bf5 Bxd5 30. Nxd5 Nxd5 31. Qd1 N5b6 32. Qd4 f6 33. c5 Qxc5 34. Qxf4 Rb8 35. h4 Nd5 36. Qd2 N7b6 37. Qxa2 1-0

[Event "Riedstra mem"]
[Site "Kitchener CAN"]
[Date "2012.03.10"]
[Round "3"]
[White "Birarov, Vladimir"]
[Black "Peng, Jackie"]
[Result "1-0"]
[WhiteElo "2263"]
[BlackElo "2110"]
[PlyCount "53"]
[GameId "2160767909575994"]
[EventDate "2012.03.09"]
[EventType "swiss"]
[EventRounds "5"]
[EventCountry "CAN"]
[SourceTitle "EXT 2022"]
[Source "ChessBase"]
[SourceDate "2021.10.06"]
[SourceVersion "1"]
[SourceVersionDate "2021.10.06"]
[SourceQuality "1"]

1. e4 c5 2. c3 Nf6 3. e5 Nd5 4. d4 cxd4 5. Nf3 Nc6 6. Bc4 e6 7. O-O Nb6 8. Bd3 d5 9. cxd4 Be7 10. Nc3 O-O 11. Bf4 Re8 12. Qe2 Nd7 13. Rad1 Nf8 14. Bb1 Bd7 15. Qe3 a6 16. Bg5 Bxg5 17. Nxg5 f6 18. exf6 Qxf6 19. Rfe1 Ng6 20. Qf3 Rad8 21. Qg4 e5 22. Qh5 Bf5 23. Nxh7 Qh4 24. Qxf5 Nce7 25. Qe6+ Kxh7 26. Nxd5 Nxd5 27. Rxe5 1-0

[Event "Riedstra mem"]
[Site "Kitchener CAN"]
[Date "2012.03.10"]
[Round "3"]
[White "Kleinman, Michael"]
[Black "Calugar, Arthur"]
[Result "0-1"]
[WhiteElo "2415"]
[BlackElo "2386"]
[PlyCount "86"]
[GameId "2160767909575995"]
[EventDate "2012.03.09"]
[EventType "swiss"]
[EventRounds "5"]
[EventCountry "CAN"]
[SourceTitle "EXT 2022"]
[Source "ChessBase"]
[SourceDate "2021.10.06"]
[SourceVersion "1"]
[SourceVersionDate "2021.10.06"]
[SourceQuality "1"]

1. c4 Nf6 2. Nc3 d5 3. cxd5 Nxd5 4. Nf3 g6 5. Qa4+ Bd7 6. Qh4 Nxc3 7. bxc3 Nc6 8. Rb1 Rb8 9. d4 e6 10. Qg3 Bd6 11. Bf4 Qe7 12. e3 Bxf4 13. Qxf4 Qa3 14. Bd3 Qxc3+ 15. Ke2 Qa5 16. Rhc1 Qxa2+ 17. Kf1 Qa3 18. Bb5 a6 19. Bxc6 Bxc6 20. Ne5 Bb5+ 21. Kg1 O-O 22. Qf6 Qd6 23. Ng4 h5 24. Ne5 Kh7 25. Rc5 b6 26. Rc3 c5 27. h4 Rb7 28. Rd1 Re7 29. Rcc1 Qd8 30. Qf4 c4 31. e4 f6 32. Nf3 Rd7 33. g4 e5 34. Qg3 exd4 35. gxh5 gxh5 36. Qf4 Rg7+ 37. Kh1 Qd7 38. Nxd4 Qh3+ 39. Qh2 Qxh2+ 40. Kxh2 Rd8 41. Ne6 Rxd1 42. Rxd1 Re7 43. Rd6 c3 0-1

[Event "Riedstra mem"]
[Site "Kitchener CAN"]
[Date "2012.03.10"]
[Round "3"]
[White "Ochkoos, Jura"]
[Black "Song, Michael"]
[Result "1/2-1/2"]
[WhiteElo "2330"]
[BlackElo "2175"]
[PlyCount "79"]
[GameId "2160767909575996"]
[EventDate "2012.03.09"]
[EventType "swiss"]
[EventRounds "5"]
[EventCountry "CAN"]
[SourceTitle "EXT 2022"]
[Source "ChessBase"]
[SourceDate "2021.10.06"]
[SourceVersion "1"]
[SourceVersionDate "2021.10.06"]
[SourceQuality "1"]

1. e4 c5 2. Nf3 Nc6 3. d4 cxd4 4. Nxd4 Nf6 5. Nc3 e5 6. Ndb5 d6 7. Bg5 a6 8. Na3 b5 9. Nd5 Be7 10. Bxf6 Bxf6 11. c4 b4 12. Nc2 Rb8 13. b3 Bg5 14. g3 O-O 15. h4 Bh6 16. Bh3 Be6 17. Kf1 a5 18. Kg2 Rb7 19. Qh5 Ne7 20. Nde3 Bxe3 21. Nxe3 g6 22. Qg5 Nc6 23. Bxe6 fxe6 24. Qxd8 Rxd8 25. h5 Kg7 26. h6+ Kf8 27. Rad1 Ke7 28. Rd3 Nb8 29. f4 exf4 30. gxf4 Nd7 31. Rhd1 Nc5 32. Rd4 Rbd7 33. Ng4 a4 34. bxa4 Ra8 35. e5 dxe5 36. Nxe5 Rxd4 37. Rxd4 Rxa4 38. Nc6+ Kf6 39. Kf3 Kf5 40. Ne7+ 1/2-1/2

[Event "Riedstra mem"]
[Site "Kitchener CAN"]
[Date "2012.03.10"]
[Round "3"]
[White "Zybura, Andre"]
[Black "Itkin, David"]
[Result "0-1"]
[WhiteElo "1924"]
[BlackElo "2171"]
[PlyCount "103"]
[GameId "2160767909575997"]
[EventDate "2012.03.09"]
[EventType "swiss"]
[EventRounds "5"]
[EventCountry "CAN"]
[SourceTitle "EXT 2022"]
[Source "ChessBase"]
[SourceDate "2021.10.06"]
[SourceVersion "1"]
[SourceVersionDate "2021.10.06"]
[SourceQuality "1"]

1. e4 c5 2. d4 cxd4 3. c3 dxc3 4. Nxc3 d6 5. Bc4 Nc6 6. Nf3 a6 7. O-O Nf6 8. Qe2 Bg4 9. Rd1 Qc7 10. Bf4 e6 11. Rac1 Be7 12. Nd5 exd5 13. exd5 O-O 14. dxc6 bxc6 15. Qd3 Rfd8 16. Ng5 Bh5 17. Re1 Bf8 18. Re3 Bg6 19. Qd4 Qd7 20. Qd2 h6 21. Nf3 d5 22. Bd3 Ne4 23. Qc2 Bc5 24. Ne5 Bxe3 25. Bxe3 Qe6 26. f3 Nf6 27. Bxg6 fxg6 28. Qd2 Rd6 29. Ng4 Kh7 30. Ne5 Rf8 31. Bxh6 Ne8 32. Qg5 gxh6 33. Nxg6 Kg8 34. Ne7+ Kh7 35. Nf5 Rf6 36. Qh5 Kg8 37. g4 Qf7 38. Qxf7+ Rxf7 39. Nd4 Rdf6 40. b4 Nd6 41. g5 Rg6 42. h4 Nc4 43. f4 c5 44. bxc5 Rc7 45. f5 Rgc6 46. Ne6 Rc8 47. Nf4 Rb8 48. Kf2 Rb1 49. Rc3 Rb2+ 50. Kf3 Rxa2 51. Rc1 Ra3+ 52. Kf2 0-1

[Event "Riedstra mem"]
[Site "Kitchener CAN"]
[Date "2012.03.11"]
[Round "4"]
[White "Calugar, Arthur"]
[Black "Sambuev, Bator"]
[Result "0-1"]
[WhiteElo "2386"]
[BlackElo "2694"]
[PlyCount "98"]
[GameId "2160767909575998"]
[EventDate "2012.03.09"]
[EventType "swiss"]
[EventRounds "5"]
[EventCountry "CAN"]
[SourceTitle "EXT 2022"]
[Source "ChessBase"]
[SourceDate "2021.10.06"]
[SourceVersion "1"]
[SourceVersionDate "2021.10.06"]
[SourceQuality "1"]

1. e4 e6 2. d4 d5 3. e5 c5 4. c3 Nc6 5. Nf3 Qb6 6. a3 Nh6 7. b4 cxd4 8. Bxh6 gxh6 9. cxd4 Bd7 10. Ra2 Rg8 11. h3 h5 12. g3 h4 13. g4 h5 14. gxh5 Rc8 15. Rc2 Rc7 16. Bd3 Nxd4 17. Rxc7 Nxf3+ 18. Qxf3 Qxc7 19. Qe3 d4 20. Qf4 Rh8 21. Rg1 Rxh5 22. Rg5 Rxg5 23. Qxg5 a5 24. bxa5 Qxa5+ 25. Ke2 Bb5 26. Nd2 Bxd3+ 27. Kxd3 Qc3+ 28. Ke2 Bxa3 29. Qg8+ Bf8 30. Ne4 d3+ 31. Ke3 Qxe5 32. f4 Qg7 33. Nd6+ Ke7 34. Qxg7 Bxg7 35. Nxb7 Bd4+ 36. Kxd3 Bb6 37. Kc4 Kd7 38. Nc5+ Bxc5 39. Kxc5 Kc7 40. f5 exf5 41. Kd5 f6 42. Kd4 Kd6 43. Ke3 Ke5 44. Kf3 f4 45. Kf2 Ke4 46. Ke2 f3+ 47. Kf1 Ke3 48. Ke1 f2+ 49. Kf1 f5 0-1

[Event "Riedstra mem"]
[Site "Kitchener CAN"]
[Date "2012.03.11"]
[Round "4"]
[White "Drkulec, Vladimir"]
[Black "Zybura, Andre"]
[Result "1-0"]
[WhiteElo "2071"]
[BlackElo "1924"]
[PlyCount "50"]
[GameId "2160767909575999"]
[EventDate "2012.03.09"]
[EventType "swiss"]
[EventRounds "5"]
[EventCountry "CAN"]
[SourceTitle "EXT 2022"]
[Source "ChessBase"]
[SourceDate "2021.10.06"]
[SourceVersion "1"]
[SourceVersionDate "2021.10.06"]
[SourceQuality "1"]

1. d4 Nf6 2. c4 c5 3. d5 b5 4. cxb5 a6 5. bxa6 g6 6. Nc3 Bg7 7. g3 Bxa6 8. Bg2 d6 9. Nf3 O-O 10. Rb1 Qa5 11. Bd2 Nbd7 12. Qc2 Qc7 13. h3 Nb6 14. Nh4 Bc4 15. b3 Bxd5 16. Nxd5 Nfxd5 17. e4 Nf6 18. e5 dxe5 19. Ba5 Rxa5 20. a4 Nbd5 21. b4 cxb4 22. Qxc7 Nxc7 23. Rc1 Ncd5 24. Rc4 Nb6 25. Rc6 Nxa4 1-0

[Event "Riedstra mem"]
[Site "Kitchener CAN"]
[Date "2012.03.11"]
[Round "4"]
[White "Itkin, David"]
[Black "Birarov, Vladimir"]
[Result "1-0"]
[WhiteElo "2171"]
[BlackElo "2263"]
[PlyCount "84"]
[GameId "2160767909576000"]
[EventDate "2012.03.09"]
[EventType "swiss"]
[EventRounds "5"]
[EventCountry "CAN"]
[SourceTitle "EXT 2022"]
[Source "ChessBase"]
[SourceDate "2021.10.06"]
[SourceVersion "1"]
[SourceVersionDate "2021.10.06"]
[SourceQuality "1"]

1. e4 c5 2. Nf3 Nc6 3. d4 cxd4 4. Nxd4 e5 5. Nb5 d6 6. N1c3 a6 7. Na3 Be7 8. Nd5 Nf6 9. Be3 Nxd5 10. exd5 Nb8 11. c4 O-O 12. Bd3 f5 13. f3 Bh4+ 14. g3 Bg5 15. Bxg5 Qxg5 16. Qd2 Qf6 17. O-O-O Nd7 18. Kb1 Nc5 19. Be2 b6 20. Rhg1 Bd7 21. g4 b5 22. gxf5 b4 23. Qxb4 e4 24. fxe4 Rab8 25. Nb5 axb5 26. cxb5 Bxb5 27. Qd4 Bxe2 28. Qxf6 Rxf6 29. Rd4 Rf7 30. Kc1 Rfb7 31. Re1 Bh5 32. b3 Re7 33. Kd2 Ra8 34. Rb1 Rae8 35. Ke3 Rd8 36. Rf1 Re5 37. Rg1 Be8 38. b4 Nd7 39. a4 Nf6 40. b5 Bf7 41. h4 g6 42. fxg6 Nd7 1-0

[Event "Riedstra mem"]
[Site "Kitchener CAN"]
[Date "2012.03.11"]
[Round "4"]
[White "Jung, Hans"]
[Black "Ivanov, Mike"]
[Result "1/2-1/2"]
[WhiteElo "2298"]
[BlackElo "2186"]
[PlyCount "47"]
[GameId "2160767909576001"]
[EventDate "2012.03.09"]
[EventType "swiss"]
[EventRounds "5"]
[EventCountry "CAN"]
[SourceTitle "EXT 2022"]
[Source "ChessBase"]
[SourceDate "2021.10.06"]
[SourceVersion "1"]
[SourceVersionDate "2021.10.06"]
[SourceQuality "1"]

1. Nc3 d5 2. e4 e6 3. d3 d4 4. Nce2 c5 5. f4 Nc6 6. Nf3 f6 7. Ng3 e5 8. f5 Nge7 9. Nh5 Bd7 10. g4 h6 11. h4 Ng8 12. g5 Qe7 13. gxf6 Nxf6 14. Nxf6+ Qxf6 15. b3 O-O-O 16. Bg5 hxg5 17. hxg5 Rxh1 18. gxf6 gxf6 19. Qe2 Bh6 20. Qg2 Rh8 21. a3 Be8 22. Qxh1 Bd2+ 23. Kxd2 Rxh1 24. Re1 1/2-1/2

[Event "Riedstra mem"]
[Site "Kitchener CAN"]
[Date "2012.03.11"]
[Round "4"]
[White "Pasaratnanathan, Juliaan"]
[Black "Raats, Daniel"]
[Result "1-0"]
[WhiteElo "1926"]
[BlackElo "2066"]
[PlyCount "111"]
[GameId "2160767909576002"]
[EventDate "2012.03.09"]
[EventType "swiss"]
[EventRounds "5"]
[EventCountry "CAN"]

1. e4 e6 2. d4 d5 3. Nd2 dxe4 4. Nxe4 Bd7 5. Nf3 Bc6 6. Neg5 Bd6 7. Bd3 h6 8. Ne4 Bxe4 9. Bxe4 c6 10. c3 Nf6 11. Bc2 Nbd7 12. Be3 Qc7 13. O-O O-O 14. h3 Nd5 15. Nd2 N7f6 16. Ne4 Bh2+ 17. Kh1 Nxe4 18. Bxe4 Bf4 19. Qf3 Bg5 20. Bc2 Nf6 21. Rae1 Rae8 22. Bxg5 hxg5 23. Re5 Nh7 24. Bxh7+ Kxh7 25. Rxg5 f6 26. Rh5+ Kg8 27. Re1 Qf7 28. Re4 Qg6 29. Kh2 Kf7 30. Rhh4 Rg8 31. Qh5 Qxh5 32. Rxh5 Re7 33. Kg3 Rd8 34. Kf3 Red7 35. Ke3 Rd6 36. f4 Rd5 37. Rh4 c5 38. g4 cxd4+ 39. Rxd4 e5 40. fxe5 Rxe5+ 41. Kd3 Rxd4+ 42. cxd4 Re1 43. Rh8 Rh1 44. a4 Rd1+ 45. Kc4 Rc1+ 46. Kd5 Rb1 47. Kd6 Rxb2 48. d5 Rb4 49. Rb8 Rxa4 50. Rxb7+ Kf8 51. Kd7 Rd4 52. d6 a5 53. Kc7 a4 54. d7 Rc4+ 55. Kb8 Ke7 56. Rc7 1-0

[Event "Riedstra mem"]
[Site "Kitchener CAN"]
[Date "2012.03.11"]
[Round "4"]
[White "Peng, Jackie"]
[Black "Bellissimo, Joseph"]
[Result "1/2-1/2"]
[WhiteElo "2110"]
[BlackElo "1940"]
[PlyCount "87"]
[GameId "2160767909576003"]
[EventDate "2012.03.09"]
[EventType "swiss"]
[EventRounds "5"]
[EventCountry "CAN"]
[SourceTitle "EXT 2022"]
[Source "ChessBase"]
[SourceDate "2021.10.06"]
[SourceVersion "1"]
[SourceVersionDate "2021.10.06"]
[SourceQuality "1"]

1. e4 e5 2. Nf3 Nf6 3. Nxe5 d6 4. Nf3 Nxe4 5. Nc3 Nxc3 6. dxc3 Be7 7. Bf4 Nd7 8. Qd2 Nc5 9. O-O-O O-O 10. h4 Bg4 11. Be2 Qd7 12. Kb1 Bf6 13. Ng5 Bxe2 14. Qxe2 Qa4 15. Be3 Rae8 16. Qh5 h6 17. Bd4 Bxd4 18. Rxd4 Qc6 19. Qg4 Qd7 20. Qf3 Re5 21. Ne4 Qc6 22. Nf6+ gxf6 23. Rg4+ Kh7 24. Qxf6 Ne6 25. f4 Qe4 26. fxe5 Qxg4 27. exd6 cxd6 28. a3 Qxg2 29. Re1 Qg4 30. Qe7 Qg7 31. Qxd6 Rd8 32. Qe7 Rb8 33. Rf1 Kg8 34. Qd6 Rc8 35. Ka2 Rd8 36. Qe7 Rd2 37. Qxb7 Rxc2 38. Qxa7 Qxc3 39. Qxf7+ Kh8 40. Qe8+ Kh7 41. Qe7+ Ng7 42. Qe4+ Kg8 43. Qd5+ Kh7 44. Qe4+ 1/2-1/2

[Event "Riedstra mem"]
[Site "Kitchener CAN"]
[Date "2012.03.11"]
[Round "4"]
[White "Song, Guannan Terry"]
[Black "Kleinman, Michael"]
[Result "1/2-1/2"]
[WhiteElo "1938"]
[BlackElo "2415"]
[PlyCount "32"]
[GameId "2160767909576004"]
[EventDate "2012.03.09"]
[EventType "swiss"]
[EventRounds "5"]
[EventCountry "CAN"]
[SourceTitle "EXT 2022"]
[Source "ChessBase"]
[SourceDate "2021.10.06"]
[SourceVersion "1"]
[SourceVersionDate "2021.10.06"]
[SourceQuality "1"]

1. e4 c5 2. Nf3 d6 3. d4 cxd4 4. Nxd4 Nf6 5. Nc3 g6 6. Be3 Bg7 7. f3 Nc6 8. Qd2 O-O 9. O-O-O d5 10. Nxc6 bxc6 11. exd5 Qa5 12. Bc4 Rd8 13. Kb1 Rb8 14. Bb3 Qa6 15. Qd3 Qa5 16. Qd2 Qa6 1/2-1/2

[Event "Riedstra mem"]
[Site "Kitchener CAN"]
[Date "2012.03.11"]
[Round "5"]
[White "Bellissimo, Joseph"]
[Black "Gladstone, Simon"]
[Result "0-1"]
[WhiteElo "1940"]
[BlackElo "2066"]
[PlyCount "124"]
[GameId "2160767909576006"]
[EventDate "2012.03.09"]
[EventType "swiss"]
[EventRounds "5"]
[EventCountry "CAN"]
[SourceTitle "EXT 2022"]
[Source "ChessBase"]
[SourceDate "2021.10.06"]
[SourceVersion "1"]
[SourceVersionDate "2021.10.06"]
[SourceQuality "1"]

1. e4 e6 2. d4 d5 3. e5 c5 4. c3 Nc6 5. Nf3 Qb6 6. a3 c4 7. Nbd2 Na5 8. Be2 Bd7 9. O-O O-O-O 10. Re1 Kb8 11. Rb1 Rc8 12. g3 Be7 13. Qc2 h5 14. h4 Nh6 15. Nf1 Nb3 16. Bd1 Rcg8 17. Bf4 Ka8 18. N1d2 Na5 19. Nf1 f6 20. exf6 gxf6 21. Qd2 Nf7 22. Bc2 Bd6 23. Bxd6 Qxd6 24. Ne3 Rg7 25. Ng2 e5 26. dxe5 fxe5 27. Qe3 e4 28. Nd4 Ne5 29. Rbd1 Rf8 30. Rf1 Bh3 31. Rd2 Nf3+ 32. Nxf3 exf3 33. Rfd1 Bxg2 34. Rxd5 Qc7 35. Rc5 Nc6 36. Rxc4 Qc8 37. Qc5 Rgg8 38. g4 hxg4 39. Be4 g3 40. Bxc6 Qxc6 41. Qxc6 gxf2+ 42. Kxf2 bxc6 43. Rxc6 Bh3 44. Ke3 f2 45. h5 Rg3+ 46. Ke4 Bg2+ 47. Ke5 Bxc6 48. h6 f1=Q 49. Rxf1 Rxf1 50. h7 Rh1 51. Kf4 Rg2 52. b4 Rxh7 53. Ke5 Rg3 54. c4 Rxa3 55. b5 Bxb5 56. cxb5 Rh5+ 57. Kd6 Rxb5 58. Kc6 Rh5 59. Kd6 Ra6+ 60. Kc7 Rh7+ 61. Kc8 Rg6 62. Kd8 Rg8# 0-1

[Event "Riedstra mem"]
[Site "Kitchener CAN"]
[Date "2012.03.11"]
[Round "5"]
[White "Birarov, Vladimir"]
[Black "Song, Guannan Terry"]
[Result "1-0"]
[WhiteElo "2263"]
[BlackElo "1938"]
[PlyCount "67"]
[GameId "2160767909576007"]
[EventDate "2012.03.09"]
[EventType "swiss"]
[EventRounds "5"]
[EventCountry "CAN"]
[SourceTitle "EXT 2022"]
[Source "ChessBase"]
[SourceDate "2021.10.06"]
[SourceVersion "1"]
[SourceVersionDate "2021.10.06"]
[SourceQuality "1"]

1. d4 Nf6 2. c4 c5 3. d5 b5 4. cxb5 a6 5. Nc3 axb5 6. e4 b4 7. Nb5 d6 8. Bf4 g5 9. e5 gxf4 10. exf6 Nd7 11. Nh3 Nxf6 12. Nxf4 Bh6 13. Nh5 Nxh5 14. Qxh5 Bg7 15. Bc4 Bxb2 16. Rb1 Bf6 17. O-O Bd7 18. Qh6 Qb6 19. Rfe1 Kd8 20. Qe3 Qa5 21. Qd3 Kc8 22. Re2 Qa4 23. Rc2 Rb8 24. Nd4 Bxd4 25. Bb3 Bxf2+ 26. Kxf2 Qa7 27. Qe3 Be8 28. Qg5 f6 29. Qg7 Bg6 30. Re1 Kd7 31. Rec1 Kc7 32. Re2 Rhg8 33. Rxe7+ Kc8 34. Qxf6 1-0

[Event "Riedstra mem"]
[Site "Kitchener CAN"]
[Date "2012.03.11"]
[Round "5"]
[White "Ivanov, Mike"]
[Black "Calugar, Arthur"]
[Result "0-1"]
[WhiteElo "2186"]
[BlackElo "2386"]
[PlyCount "28"]
[GameId "2160767909576009"]
[EventDate "2012.03.09"]
[EventType "swiss"]
[EventRounds "5"]
[EventCountry "CAN"]
[SourceTitle "EXT 2022"]
[Source "ChessBase"]
[SourceDate "2021.10.06"]
[SourceVersion "1"]
[SourceVersionDate "2021.10.06"]
[SourceQuality "1"]

1. Nc3 c5 2. Nf3 Nf6 3. d4 cxd4 4. Nxd4 d5 5. Bg5 Nc6 6. e4 Nxe4 7. Nxc6 bxc6 8. Nxe4 dxe4 9. Qxd8+ Kxd8 10. O-O-O+ Ke8 11. Rd4 f6 12. Be3 f5 13. Rc4 Bd7 14. Ra4 a5 0-1

[Event "Riedstra mem"]
[Site "Kitchener CAN"]
[Date "2012.03.11"]
[Round "5"]
[White "Kleinman, Michael"]
[Black "Posaratnanathan, Juliaan"]
[Result "1-0"]
[WhiteElo "2415"]
[BlackElo "1926"]
[PlyCount "100"]
[GameId "2160767909576010"]
[EventDate "2012.03.09"]
[EventType "swiss"]
[EventRounds "5"]
[EventCountry "CAN"]
[SourceTitle "EXT 2022"]
[Source "ChessBase"]
[SourceDate "2021.10.06"]
[SourceVersion "1"]
[SourceVersionDate "2021.10.06"]
[SourceQuality "1"]

1. e4 c5 2. Nc3 e6 3. Nf3 Nf6 4. e5 Nd5 5. Nxd5 exd5 6. d4 d6 7. Be2 Nc6 8. exd6 Bxd6 9. dxc5 Bxc5 10. O-O Be6 11. c3 O-O 12. Qd3 Qf6 13. Be3 Bxe3 14. Qxe3 Rfe8 15. Qd2 Bf5 16. Rfe1 Rad8 17. Rad1 Bg4 18. h3 Bh5 19. Nd4 Bxe2 20. Rxe2 Rxe2 21. Qxe2 Qe5 22. Qxe5 Nxe5 23. Nf5 Nc6 24. Kf1 Kf8 25. Ke2 g6 26. Nd4 Ke7 27. Kd3 Ne5+ 28. Kc2 a6 29. Re1 Kd6 30. a4 Nc6 31. Nf3 f6 32. Nd2 Rd7 33. f4 Re7 34. Rxe7 Nxe7 35. Kd3 h5 36. Nf1 Nf5 37. g4 hxg4 38. hxg4 Ne7 39. Nd2 b6 40. Nf3 Nc6 41. b3 b5 42. axb5 axb5 43. Nd4 Nxd4 44. Kxd4 g5 45. fxg5 fxg5 46. b4 Ke6 47. Kc5 Ke5 48. Kxb5 Kf4 49. Kc5 Kxg4 50. b5 Kf3 1-0

[Event "Riedstra mem"]
[Site "Kitchener CAN"]
[Date "2012.03.11"]
[Round "5"]
[White "Preotu, Razvan"]
[Black "Ochkoos, Jura"]
[Result "1-0"]
[WhiteElo "2227"]
[BlackElo "2330"]
[PlyCount "65"]
[GameId "2160767909576011"]
[EventDate "2012.03.09"]
[EventType "swiss"]
[EventRounds "5"]
[EventCountry "CAN"]
[SourceTitle "EXT 2022"]
[Source "ChessBase"]
[SourceDate "2021.10.06"]
[SourceVersion "1"]
[SourceVersionDate "2021.10.06"]
[SourceQuality "1"]

1. e4 e5 2. Nf3 Nc6 3. d4 exd4 4. Nxd4 Nf6 5. Nxc6 bxc6 6. e5 Qe7 7. Qe2 Nd5 8. c4 Nb6 9. Nd2 Qe6 10. b3 a5 11. Bb2 a4 12. Qe3 Bb4 13. Be2 O-O 14. O-O d5 15. f4 Qg6 16. Nf3 Bg4 17. a3 Be7 18. Bd3 Qh6 19. c5 Nd7 20. b4 Rfe8 21. Bc3 Nf8 22. h3 Bxf3 23. Qxf3 f6 24. Rfe1 Ng6 25. Qg4 Nf8 26. e6 Ng6 27. g3 Bf8 28. Bd2 Ne7 29. Bc1 g6 30. f5 Qg7 31. fxg6 Nxg6 32. Bxg6 hxg6 33. e7 1-0

[Event "Riedstra mem"]
[Site "Kitchener CAN"]
[Date "2012.03.11"]
[Round "5"]
[White "Sambuev, Bator"]
[Black "Jung, Hans"]
[Result "1-0"]
[WhiteElo "2694"]
[BlackElo "2298"]
[PlyCount "63"]
[GameId "2160767909576012"]
[EventDate "2012.03.09"]
[EventType "swiss"]
[EventRounds "5"]
[EventCountry "CAN"]
[SourceTitle "EXT 2022"]
[Source "ChessBase"]
[SourceDate "2021.10.06"]
[SourceVersion "1"]
[SourceVersionDate "2021.10.06"]
[SourceQuality "1"]

1. d4 d5 2. Nf3 Nf6 3. e3 e6 4. Bd3 c5 5. b3 Nc6 6. O-O Bd6 7. Bb2 a6 8. Nbd2 b5 9. dxc5 Bxc5 10. a4 b4 11. e4 Bb7 12. Qe2 d4 13. Nc4 Qc7 14. Bc1 Nd7 15. a5 Nde5 16. Nfxe5 Nxe5 17. Bf4 f6 18. Nxe5 fxe5 19. Qh5+ g6 20. Qxe5 Qxe5 21. Bxe5 O-O 22. f3 Rad8 23. Kf2 Ba7 24. Ra4 Bc5 25. Ke2 Bc6 26. Ra2 Bb7 27. Bc4 Kf7 28. Kd3 Ke7 29. Raa1 Rd7 30. h4 Rg8 31. g4 Kf7 32. f4 1-0

[Event "Riedstra mem"]
[Site "Kitchener CAN"]
[Date "2012.03.11"]
[Round "5"]
[White "Song, Michael"]
[Black "Itkin, David"]
[Result "1/2-1/2"]
[WhiteElo "2175"]
[BlackElo "2171"]
[PlyCount "77"]
[GameId "2160767909576013"]
[EventDate "2012.03.09"]
[EventType "swiss"]
[EventRounds "5"]
[EventCountry "CAN"]
[SourceTitle "EXT 2022"]
[Source "ChessBase"]
[SourceDate "2021.10.06"]
[SourceVersion "1"]
[SourceVersionDate "2021.10.06"]
[SourceQuality "1"]

1. Nf3 Nf6 2. g3 g6 3. Bg2 Bg7 4. O-O O-O 5. d4 d6 6. c4 Nc6 7. d5 Na5 8. Nfd2 c6 9. Nc3 Bf5 10. e4 Bg4 11. f3 Bd7 12. Rb1 cxd5 13. cxd5 Rc8 14. Kh1 b5 15. Ne2 b4 16. b3 Bb5 17. Bb2 Bd3 18. Rc1 Rxc1 19. Bxc1 Qc8 20. Rg1 Nh5 21. Bf1 Qa6 22. g4 Nf6 23. Nf4 Bxf1 24. Rxf1 Qxf1+ 25. Qxf1 Nd7 26. Nd3 Rb8 27. Nb1 Nc5 28. Nxc5 dxc5 29. Bg5 f6 30. Be3 c4 31. bxc4 Nxc4 32. Bxa7 Ra8 33. Bc5 Rxa2 34. Bxb4 Ne3 35. Qc1 f5 36. Bd2 f4 37. Bb4 Bb2 38. Nd2 Be5 39. Kg1 1/2-1/2

[Event "Riedstra mem"]
[Site "Kitchener CAN"]
[Date "2012.03.11"]
[Round "5"]
[White "Zhang, Yuanchen"]
[Black "Peng, Jackie"]
[Result "1-0"]
[WhiteElo "2013"]
[BlackElo "2110"]
[PlyCount "79"]
[GameId "2160767909576014"]
[EventDate "2012.03.09"]
[EventType "swiss"]
[EventRounds "5"]
[EventCountry "CAN"]
[SourceTitle "EXT 2022"]
[Source "ChessBase"]
[SourceDate "2021.10.06"]
[SourceVersion "1"]
[SourceVersionDate "2021.10.06"]
[SourceQuality "1"]

1. d4 Nf6 2. c4 g6 3. Nc3 Bg7 4. e4 d6 5. Nf3 O-O 6. Be2 e5 7. O-O Nc6 8. d5 Ne7 9. Ne1 Nd7 10. Be3 f5 11. f3 f4 12. Bf2 g5 13. Rc1 Nf6 14. c5 Ng6 15. cxd6 cxd6 16. Nb5 Rf7 17. Qb3 g4 18. Nxa7 gxf3 19. Bxf3 Bg4 20. Qc4 Bf8 21. h3 Bxf3 22. Nxf3 Nh5 23. Nb5 Ng3 24. Rfe1 Nh4 25. Rc3 Rg7 26. Nxh4 Qxh4 27. Qb3 Qg5 28. Bxg3 fxg3 29. Ree3 Qf4 30. Rxg3 Qxe4 31. Rxg7+ Bxg7 32. Nxd6 Qe1+ 33. Kh2 e4 34. Rg3 Rf8 35. Qxb7 Qxg3+ 36. Kxg3 Be5+ 37. Kg4 Bxd6 38. Qd7 Bf4 39. Qe6+ Kg7 40. Qe7+ 1-0

[Event "Riedstra mem"]
[Site "Kitchener CAN"]
[Date "2012.03.11"]
[Round "5"]
[White "Zybura, Andre"]
[Black "Raats, Daniel"]
[Result "1/2-1/2"]
[WhiteElo "1924"]
[BlackElo "2066"]
[PlyCount "43"]
[GameId "2160767909576015"]
[EventDate "2012.03.09"]
[EventType "swiss"]
[EventRounds "5"]
[EventCountry "CAN"]

1. e4 e6 2. d4 d5 3. e5 c5 4. c3 Nc6 5. Nf3 Bd7 6. Bd3 cxd4 7. cxd4 Qb6 8. O-O Nxd4 9. Nxd4 Qxd4 10. Nc3 a6 11. Qe2 Ne7 12. Kh1 Nc6 13. f4 Nb4 14. Rd1 Nxd3 15. Rxd3 Qb6 16. f5 d4 17. fxe6 Bxe6 18. Ne4 h6 19. Bf4 Be7 20. Nd6+ Bxd6 21. Qe4 Rd8 22. Rxd4 1/2-1/2

[Event "Riedstra mem U1700"]
[Site "Kitchener CAN"]
[Date "2012.03.09"]
[Round "1"]
[White "Bendl, David"]
[Black "Wang, Frank2"]
[Result "1-0"]
[WhiteElo "1557"]
[BlackElo "1263"]
[PlyCount "51"]
[GameId "2160767909576016"]
[EventDate "2012.03.09"]
[EventType "swiss"]
[EventRounds "5"]
[EventCountry "CAN"]

1. d4 Nf6 2. c4 e6 3. Nc3 d5 4. Bf4 Bb4 5. e3 O-O 6. Bd3 b6 7. Qb3 Bxc3+ 8. Qxc3 Bb7 9. Nf3 Nc6 10. Ne5 Nxe5 11. Bxe5 c5 12. dxc5 bxc5 13. O-O-O a5 14. h4 a4 15. h5 h6 16. g4 d4 17. exd4 Bxh1 18. dxc5 Kh8 19. g5 hxg5 20. h6 Bf3 21. hxg7+ Kxg7 22. Be2 Qe7 23. Bxf3 Rad8 24. Rg1 Kg6 25. Qc2+ Kg7 26. Rxg5+ 1-0